Wavell ; (Record no. 187047)
[ view plain ]
| 000 -LEADER | |
|---|---|
| fixed length control field | 00969 a2200205 4500 |
| 003 - CONTROL NUMBER IDENTIFIER | |
| control field | Nust |
| 005 - DATE AND TIME OF LATEST TRANSACTION | |
| control field | 20230127125454.0 |
| 010 ## - LIBRARY OF CONGRESS CONTROL NUMBER | |
| LC control number | 65014704 |
| 040 ## - CATALOGING SOURCE | |
| Transcribing agency | Nust |
| 082 ## - DEWEY DECIMAL CLASSIFICATION NUMBER | |
| Classification number | 920,CON |
| 100 ## - MAIN ENTRY--PERSONAL NAME | |
| Personal name | Connell, John, |
| 9 (RLIN) | 57639 |
| 245 ## - TITLE STATEMENT | |
| Title | Wavell ; |
| Remainder of title | scholar and soldier / |
| Statement of responsibility, etc. | John Connell |
| 250 ## - EDITION STATEMENT | |
| Edition statement | 1st American ed |
| 260 ## - PUBLICATION, DISTRIBUTION, ETC. | |
| Place of publication, distribution, etc. | New York, |
| Name of publisher, distributor, etc. | Harcourt, Brace & World |
| Date of publication, distribution, etc. | 1965, c1964 |
| 300 ## - PHYSICAL DESCRIPTION | |
| Extent | 573 p |
| Other physical details | illus |
| Dimensions | maps, ports. |
| Accompanying material | 24 cm |
| 505 ## - FORMATTED CONTENTS NOTE | |
| Formatted contents note | Son of the Regiment (Page-27), Efficient Staff Officer (Page-59), Ypres to Tiflis (page-92), With Allenby in Palestine (Page-121), Peacetime Soldiering (Page-146), Toward High Command (Page-185), Watching Brief (Page-209), Into Action (page-253), Desert Victory (Page-291), Succour to Greece (Page-330), End of an Empire (Page-358), The German Onslaught (Page-381), Under Great Strain (Page-424), Change of Command (Page-464). |
| 600 ## - SUBJECT ADDED ENTRY--PERSONAL NAME | |
| Personal name | Connell, John, |
| 9 (RLIN) | 57639 |
| 650 ## - SUBJECT ADDED ENTRY--TOPICAL TERM | |
| Topical term or geographic name entry element | Biography of Wavell |
| 9 (RLIN) | 107909 |
| 942 ## - ADDED ENTRY ELEMENTS (KOHA) | |
| Source of classification or shelving scheme | |
| Koha item type | Book |
| Withdrawn status | Lost status | Source of classification or shelving scheme | Damaged status | Not for loan | Permanent Location | Current Location | Shelving location | Date acquired | Full call number | Barcode | Date last seen | Price effective from | Koha item type | Public note |
|---|---|---|---|---|---|---|---|---|---|---|---|---|---|---|
| Military College of Signals (MCS) | Military College of Signals (MCS) | General Stacks | 12/12/2016 | 920,CON | MCS29370 | 12/08/2016 | 12/12/2016 | Book | Almirah No.59, Shelf No.2 |
